[Event "Nordsjalland Weekend-A"]
[Site "Allerod"]
[Date "2019.01.06"]
[Round "4"]
[White "Ramsdal, Jens Albert"]
[Black "Norgaard, Jesper"]
[Result "0-1"]
[WhiteElo "2211"]
[BlackElo "2322"]
[PlyCount "92"]
[EventDate "2019.01.04"]
[EventType "swiss"]
[EventRounds "5"]
[EventCountry "DEN"]
[SourceTitle "CBM 189 Extra"]
[Source "ChessBase"]
[SourceDate "2019.06.03"]
[SourceVersion "1"]
[SourceVersionDate "2019.06.03"]
[SourceQuality "1"]

1. Nf3 Nf6 2. g3 g6 3. Bg2 Bg7 4. c4 d6 5. Nc3 e5 6. d3 0-0 7. 0-0 Nc6 8. Rb1 a5 9. a3 Bd7 10. b4 axb4 11. axb4 Qc8 12. b5 Ne7 13. Bg5 h6 14. Bxf6 Bxf6 15. Nd2 Bg7 16. Ra1 Rb8 17. b6 e4 18. Rc1 exd3 19. exd3 c6 20. d4 Qd8 21. d5 cxd5 22. Nxd5 Nxd5 23. Bxd5 Qxb6 24. Ne4 Bh3 25. Re1 Kh8 26. Rb1 Qc7 27. Re3 Bf5 28. g4 Bd7 29. Nc3 Rfe8 30. Rd3 f5 31. g5 Bc6 32. gxh6 Be5 33. Nb5 Qe7 34. Qd2 Qh4 35. Rg3 Kh7 36. Rbb3 Re7 37. Nxd6 Bxd6 38. Bxc6 Bf4 39. Qb2 Be5 40. Qb1 Qxc4 41. Bb5 Qh4 42. Rh3 Qg5+ 43. Kf1 Rc8 44. Rbe3 Bf4 45. Rc3 Rxc3 46. Rxc3 Bxh2 0-1

[Event "Nordsjalland Weekend-A"]
[Site "Allerod"]
[Date "2019.01.04"]
[Round "1"]
[White "Hansen, Lars"]
[Black "Norgaard, Jesper"]
[Result "1-0"]
[WhiteElo "2206"]
[BlackElo "2322"]
[PlyCount "85"]
[EventDate "2019.01.04"]
[EventType "swiss"]
[EventRounds "5"]
[EventCountry "DEN"]
[SourceTitle "CBM 189 Extra"]
[Source "ChessBase"]
[SourceDate "2019.06.03"]
[SourceVersion "1"]
[SourceVersionDate "2019.06.03"]
[SourceQuality "1"]

1. d4 Nf6 2. Bg5 e6 3. e4 h6 4. Bxf6 Qxf6 5. c3 d6 6. Bd3 Nd7 7. Ne2 c5 8. 0-0 Qd8 9. Nd2 a6 10. f4 b5 11. e5 Bb7 12. Ne4 Qb6 13. Kh1 0-0-0 14. Qb1 Qc6 15. a4 f5 16. exf6 Nxf6 17. axb5 axb5 18. N2g3 h5 19. h4 Be7 20. b3 c4 21. bxc4 bxc4 22. Bc2 Nxe4 23. Nxe4 Bxh4 24. Ra5 g6 25. Qb4 Rh7 26. Rb1 Rc7 27. Ba4 Qxa4 28. Qxa4 Bxe4 29. Rb6 Be7 30. Qb5 Rb7 31. Ra8+ Kc7 32. Qxc4+ Kd7 33. Qb5+ Kc7 34. Qc4+ Kd7 35. Qa4+ Kc7 36. Rxb7+ Bxb7 37. Rxd8 Kxd8 38. Qc2 h4 39. Kh2 g5 40. Qg6 gxf4 41. Qxe6 d5 42. Qb6+ Kc8 43. Kh3 1-0

[Event "Morelia op 2nd"]
[Site "Morelia"]
[Date "2007.02.16"]
[Round "3"]
[White "Tiviakov, Sergei"]
[Black "Norgaard, Jesper"]
[Result "1-0"]
[WhiteElo "2667"]
[BlackElo "2434"]
[PlyCount "109"]
[EventDate "2007.02.15"]
[EventType "swiss"]
[EventRounds "7"]
[EventCountry "MEX"]
[SourceTitle "CBM 116 Extra"]
[Source "ChessBase"]
[SourceDate "2007.03.07"]
[SourceVersion "1"]
[SourceVersionDate "2007.03.07"]
[SourceQuality "1"]

1. e4 e5 2. Nf3 Nc6 3. Bb5 a6 4. Ba4 Nf6 5. 0-0 Be7 6. Qe2 b5 7. Bb3 d6 8. c3 0-0 9. Rd1 Na5 10. Bc2 c5 11. d4 Qc7 12. d5 c4 13. b4 Nb7 14. a4 Bd7 15. h3 Qc8 16. Be3 Ne8 17. Nbd2 g6 18. Ra3 Ng7 19. Rda1 Rb8 20. Nf1 Nd8 21. axb5 axb5 22. Ra7 f6 23. R1a6 Nf7 24. Rb6 Rxb6 25. Bxb6 Bd8 26. Qe3 Qb8 27. Ba5 Bc8 28. Ng3 Re8 29. Bxd8 Rxd8 30. Nh2 Rd7 31. Ra5 Rb7 32. Bd1 Rb6 33. Bg4 Rb7 34. Qf3 Ne8 35. Bxc8 Qxc8 36. Ng4 Kg7 37. h4 Qb8 38. h5 Qc8 39. Ne3 Nc7 40. Ng4 Ne8 41. Ra6 Qd8 42. Kh2 Qc8 43. Kh1 Qd8 44. Ne3 Qc8 45. Qe2 Nc7 46. Ra5 Rb6 47. Ng4 Ra6 48. Qf3 Qd8 49. Qe3 Ng5 50. f3 Qd7 51. Kg1 Qc8 52. Kh2 Qd7 53. Qf2 Qc8 54. Rxa6 Nxa6 55. Qb6 1-0

[Event "MEX-ch op 50th"]
[Site "Leon"]
[Date "2004.04.11"]
[Round "9"]
[White "Norgaard, Jesper"]
[Black "Gonzalez Zamora, Juan Carlos"]
[Result "1/2-1/2"]
[WhiteElo "2406"]
[BlackElo "2517"]
[PlyCount "55"]
[EventDate "2004.04.06"]
[EventType "swiss"]
[EventRounds "9"]
[EventCountry "MEX"]
[SourceTitle "CBM 099 Extra"]
[Source "ChessBase"]
[SourceDate "2004.05.04"]
[SourceVersion "1"]
[SourceVersionDate "2004.05.04"]
[SourceQuality "1"]

1. e4 c5 2. Nf3 e6 3. d4 cxd4 4. Nxd4 a6 5. Bd3 Bc5 6. Nb3 Ba7 7. Qe2 Nc6 8. Be3 d6 9. Nc3 Nge7 10. 0-0-0 Bxe3+ 11. Qxe3 0-0 12. Rd2 Qc7 13. Rhd1 b5 14. f4 b4 15. Na4 Rb8 16. Bc4 Rd8 17. e5 d5 18. Bd3 Na5 19. Qc5 Nxb3+ 20. axb3 Qxc5 21. Nxc5 a5 22. Re2 Rb6 23. Na4 Rc6 24. Bb5 Rc7 25. Nb6 Bb7 26. Bd3 Rb8 27. Bb5 Rd8 28. Na4 1/2-1/2

[Event "MEX-ch op 50th"]
[Site "Leon"]
[Date "2004.04.09"]
[Round "6"]
[White "Almeida Saenz, Alfonso"]
[Black "Norgaard, Jesper"]
[Result "1-0"]
[WhiteElo "2378"]
[BlackElo "2406"]
[PlyCount "99"]
[EventDate "2004.04.06"]
[EventType "swiss"]
[EventRounds "9"]
[EventCountry "MEX"]
[SourceTitle "CBM 099 Extra"]
[Source "ChessBase"]
[SourceDate "2004.05.04"]
[SourceVersion "1"]
[SourceVersionDate "2004.05.04"]
[SourceQuality "1"]

1. d4 Nf6 2. Nf3 c5 3. e3 e6 4. Bd3 b6 5. 0-0 Bb7 6. Nbd2 Nc6 7. c3 Be7 8. e4 cxd4 9. cxd4 Nb4 10. Bb1 Ba6 11. Re1 Nd3 12. Re3 Nxf2 13. Qa4 N2g4 14. Re1 Qc8 15. h3 Ne3 16. Qb3 Nc4 17. e5 Nd5 18. Be4 Na5 19. Qd1 Bb7 20. Nf1 f5 21. exf6 Nxf6 22. Bd3 0-0 23. Bg5 Qd8 24. Ne5 Nc6 25. Ng3 Nb4 26. Bb1 Qe8 27. a3 Nbd5 28. Qd3 a5 29. Bc2 Ba6 30. Qd2 Bb5 31. Rac1 Bd6 32. Bb1 Nh5 33. Ne4 Be7 34. Qc2 g6 35. Bh6 Ng7 36. Qd2 Qd8 37. Ng4 Rf5 38. Nc3 Nxc3 39. Qxc3 Rf7 40. d5 Bc5+ 41. Be3 Bxe3+ 42. Rxe3 Qg5 43. Re5 Rf5 44. Bxf5 exf5 45. d6 Bc6 46. Re7 Nh5 47. Qc4+ Kh8 48. Qd4+ Kg8 49. Rxc6 dxc6 50. d7 1-0

[Event "Carlos Torre Memorial op 16th"]
[Site "Merida"]
[Date "2003.12.14"]
[Round "3"]
[White "Norgaard, Jesper"]
[Black "Espinosa Flores, Rafael Emilio"]
[Result "0-1"]
[WhiteElo "2406"]
[BlackElo "2415"]
[PlyCount "116"]
[EventDate "2003.12.12"]
[EventType "swiss"]
[EventRounds "9"]
[EventCountry "MEX"]
[SourceTitle "CBM 097 Extra"]
[Source "ChessBase"]
[SourceDate "2004.01.13"]
[SourceVersion "1"]
[SourceVersionDate "2004.01.13"]
[SourceQuality "1"]

1. e4 c5 2. Nf3 Nc6 3. d4 cxd4 4. Nxd4 e5 5. Nb5 d6 6. c4 Be7 7. N1c3 a6 8. Na3 Be6 9. Be2 Bg5 10. 0-0 h6 11. Nc2 Nge7 12. Be3 Bxe3 13. fxe3 0-0 14. b3 Rc8 15. Qd2 Qa5 16. Rfd1 Rfd8 17. Rac1 Kf8 18. Ne1 Rb8 19. Nd3 b5 20. cxb5 axb5 21. Nf2 Na7 22. Rc2 Qb6 23. Bg4 Rbc8 24. Rdc1 b4 25. Nd5 Rxc2 26. Rxc2 Nxd5 27. exd5 Bxg4 28. Nxg4 Rc8 29. Rxc8+ Nxc8 30. Nf2 Ne7 31. e4 Qc5 32. Kf1 f5 33. Ke2 fxe4 34. Nxe4 Qg1 35. Qxb4 Qxg2+ 36. Kd3 Qf3+ 37. Kd2 Qg2+ 38. Kd3 Qf1+ 39. Kd2 Qf4+ 40. Kd3 Nf5 41. Qb8+ Kf7 42. Qa7+ Kg6 43. Qg1+ Kh7 44. Qf2 Qg4 45. Nd2 Ne7 46. Ne4 Nxd5 47. Nxd6 Nf4+ 48. Kd2 Qg6 49. Nc4 Qd3+ 50. Kc1 Qxc4+ 51. bxc4 Nd3+ 52. Kd2 Nxf2 53. Ke3 Nd1+ 54. Ke4 Nc3+ 55. Kxe5 Nxa2 56. c5 Nb4 57. Kf5 g6+ 58. Kf6 Na6 0-1

[Event "Carlos Torre Memorial op 10th"]
[Site "Merida"]
[Date "1997.??.??"]
[Round "7"]
[White "Norgaard, Jesper"]
[Black "Vera Gonzalez Quevedo, Reynaldo"]
[Result "1/2-1/2"]
[WhiteElo "2365"]
[BlackElo "2530"]
[PlyCount "51"]
[EventDate "1997.12.??"]
[EventType "swiss"]
[EventRounds "9"]
[EventCountry "MEX"]
[SourceTitle "EXT 1999"]
[Source "ChessBase"]
[SourceDate "1998.11.16"]
[SourceVersion "1"]
[SourceVersionDate "1998.11.16"]
[SourceQuality "1"]

1. e4 c5 2. Nf3 d6 3. d4 cxd4 4. Nxd4 Nf6 5. Nc3 a6 6. Bg5 e6 7. f4 Nbd7 8. Qf3 Qc7 9. 0-0-0 b5 10. e5 Bb7 11. Qh3 dxe5 12. Nxe6 fxe6 13. Qxe6+ Be7 14. Bxb5 axb5 15. Nxb5 Qb6 16. Nd6+ Kd8 17. Bxf6 gxf6 18. Nxb7+ Qxb7 19. Rxd7+ Qxd7 20. Rd1 Qxd1+ 21. Kxd1 exf4 22. Qd5+ Kc7 23. Qc4+ Kd7 24. Qd5+ Kc7 25. Qc4+ Kd7 26. Qd5+ 1/2-1/2

[Event "Magno Mercenarios 9th"]
[Site "Mexico City"]
[Date "1996.??.??"]
[Round "?"]
[White "Norgaard, Jesper"]
[Black "Calderin Gonzalez, Roberto"]
[Result "1/2-1/2"]
[WhiteElo "2350"]
[BlackElo "2435"]
[PlyCount "97"]
[EventDate "1996.??.??"]
[EventType "tourn"]
[EventRounds "11"]
[EventCountry "MEX"]
[EventCategory "6"]
[SourceTitle "EXT 2002"]
[Source "ChessBase"]
[SourceDate "2001.11.25"]
[SourceVersion "1"]
[SourceVersionDate "2001.11.25"]
[SourceQuality "1"]

1. e4 g6 2. d4 Bg7 3. Nc3 d6 4. g3 Nc6 5. Be3 Nf6 6. h3 0-0 7. Bg2 e5 8. Nge2 Bd7 9. 0-0 Re8 10. d5 Ne7 11. Qd2 b5 12. a3 a5 13. b3 c6 14. dxc6 Bxc6 15. Rfd1 b4 16. Nd5 Bxd5 17. exd5 Nf5 18. axb4 Nxe3 19. fxe3 axb4 20. Qxb4 Rxa1 21. Rxa1 Bh6 22. e4 Be3+ 23. Kh2 Qc7 24. Rf1 Kg7 25. Qb5 Rc8 26. Qd3 Ba7 27. Qf3 Qe7 28. c3 h5 29. Qd3 Ng4+ 30. hxg4 hxg4 31. Ng1 Rh8+ 32. Nh3 Qg5 33. Ra1 Bf2 34. Rf1 Bb6 35. Qb5 Rxh3+ 36. Bxh3 Qd2+ 37. Kh1 gxh3 38. Rxf7+ Kxf7 39. Qd7+ Kf6 40. Qxd6+ Kg5 41. Qxe5+ Kg4 42. Qe6+ Kf3 43. Qf6+ Kxe4 44. Qxg6+ Kxd5 45. Qf5+ Kc6 46. Qe4+ Kd7 47. Qf5+ Ke7 48. Qe4+ Kd8 49. Qh4+ 1/2-1/2

[Event "Fide Mercenarios 10th"]
[Site "Mexico City"]
[Date "1996.??.??"]
[Round "5"]
[White "Norgaard, Jesper"]
[Black "Sorensen, J."]
[Result "1-0"]
[WhiteElo "2330"]
[BlackElo "2070"]
[PlyCount "76"]
[EventDate "1996.??.??"]
[EventType "tourn"]
[EventRounds "11"]
[EventCountry "MEX"]
[SourceTitle "EXT 2000"]
[Source "ChessBase"]
[SourceDate "1999.11.16"]
[SourceVersion "1"]
[SourceVersionDate "1999.11.16"]
[SourceQuality "1"]

1. e4 e6 2. d4 d5 3. Nd2 dxe4 4. Nxe4 Nf6 5. Nxf6+ gxf6 6. Nf3 b6 7. g3 Bb7 8. Bg2 Bd6 9. 0-0 Nd7 10. c4 c6 11. a3 Nf8 12. Re1 Qd7 13. Bh6 Rg8 14. Qd2 0-0-0 15. Rad1 Ng6 16. b4 Ne7 17. Nh4 Bc7 18. Qe2 Ba6 19. a4 Nd5 20. Bd2 Ne7 21. b5 Bb7 22. Bb4 cxb5 23. Bxb7+ Kxb7 24. axb5 Kb8 25. Qf3 Nf5 26. Nxf5 exf5 27. Re7 Qc8 28. d5 Bd6 29. Bxd6+ Rxd6 30. Qf4 Rgd8 31. Ra1 R8d7 32. Rxa7 Kxa7 33. Qxd6 Rxe7 34. Qxe7+ Kb8 35. d6 Qe6 36. Qc7+ Ka8 37. Qc6+ Ka7 38. d7 Qe1+ 1-0

[Event "Fide Mercenarios 2nd"]
[Site "Mexico City"]
[Date "1995.??.??"]
[Round "?"]
[White "Araiza Nieto, Edgar"]
[Black "Norgaard, Jesper"]
[Result "0-1"]
[WhiteElo "2115"]
[BlackElo "2330"]
[PlyCount "58"]
[EventDate "1995.??.??"]
[EventType "tourn"]
[EventRounds "11"]
[EventCountry "MEX"]
[SourceTitle "EXT 2000"]
[Source "ChessBase"]
[SourceDate "1999.11.16"]
[SourceVersion "1"]
[SourceVersionDate "1999.11.16"]
[SourceQuality "1"]

1. e4 e5 2. d4 exd4 3. Qxd4 Nc6 4. Qe3 Nf6 5. Bd2 Bb4 6. e5 0-0 7. Bxb4 Nxb4 8. Qb3 Qe7 9. Be2 Ne4 10. Na3 Qc5 11. Nh3 d6 12. 0-0-0 Bxh3 13. gxh3 Nxf2 14. e6 fxe6 15. Qxe6+ Kh8 16. Qb3 Rae8 17. Bg4 Nxh1 18. Rxh1 Qe3+ 19. Qxe3 Rxe3 20. c3 Nc6 21. Nb5 h5 22. Bd1 Rxh3 23. Nxc7 Rf2 24. Re1 Ne5 25. Bc2 Rhxh2 26. Bb1 g5 27. Ne8 Re2 28. Rf1 Nd3+ 29. Bxd3 Rxe8 0-1

[Event "Fide Mercenarios 4th"]
[Site "Mexico City"]
[Date "1995.??.??"]
[Round "9"]
[White "Norgaard, Jesper"]
[Black "Martin Del Campo C, Jorge Arturo"]
[Result "1/2-1/2"]
[WhiteElo "2315"]
[BlackElo "2215"]
[PlyCount "47"]
[EventDate "1995.??.??"]
[EventType "tourn"]
[EventRounds "11"]
[EventCountry "MEX"]
[SourceTitle "EXT 2000"]
[Source "ChessBase"]
[SourceDate "1999.11.16"]
[SourceVersion "1"]
[SourceVersionDate "1999.11.16"]
[SourceQuality "1"]

1. e4 c5 2. c3 d6 3. d4 Nf6 4. dxc5 Nc6 5. cxd6 Nxe4 6. dxe7 Qxd1+ 7. Kxd1 Nxf2+ 8. Ke1 Nxh1 9. exf8Q+ Kxf8 10. Nf3 Bg4 11. Bf4 Re8+ 12. Be2 f6 13. Nbd2 g5 14. Bd6+ Kg7 15. Kf1 Rd8 16. Ba3 Bxf3 17. Nxf3 g4 18. Nh4 g3 19. Kg1 Rhe8 20. Bf3 Nf2 21. Nf5+ Kg8 22. Nh6+ Kg7 23. Nf5+ Kg8 24. Nh6+ 1/2-1/2

[Event "Copenhagen op"]
[Site "Copenhagen"]
[Date "1991.??.??"]
[Round "10"]
[White "Hoi, Carsten"]
[Black "Norgaard, Jesper"]
[Result "0-1"]
[WhiteElo "2405"]
[BlackElo "2305"]
[PlyCount "70"]
[EventDate "1991.06.??"]
[EventType "swiss"]
[EventRounds "10"]
[EventCountry "DEN"]
[SourceTitle "TD"]
[Source "ChessBase"]
[SourceDate "1994.03.01"]
[SourceVersion "1"]
[SourceVersionDate "1994.03.01"]
[SourceQuality "1"]

1. d4 Nf6 2. Nf3 g6 3. c4 Bg7 4. Nc3 0-0 5. e4 d6 6. h3 Nbd7 7. Bg5 e5 8. d5 h6 9. Be3 Nc5 10. Nd2 a5 11. Be2 Bd7 12. g4 c6 13. Qc2 Rc8 14. dxc6 Bxc6 15. Bxc5 dxc5 16. 0-0-0 a4 17. Kb1 a3 18. b3 Nd7 19. h4 Qf6 20. f3 Rfe8 21. Nd5 Qd8 22. Nf1 Nf8 23. Nfe3 Ne6 24. Qd2 Nd4 25. Nc2 Bxd5 26. cxd5 c4 27. Nxd4 exd4 28. Bxc4 b5 29. Bd3 Qf6 30. Rdf1 Rc3 31. g5 hxg5 32. hxg5 Qd6 33. f4 Qb4 34. Rd1 Rxe4 35. Rc1 Rxb3+ 0-1

[Event "Copenhagen op"]
[Site "Copenhagen"]
[Date "1991.??.??"]
[Round "8"]
[White "Norgaard, Jesper"]
[Black "Andersen, Ib"]
[Result "1-0"]
[WhiteElo "2305"]
[BlackElo "2255"]
[PlyCount "47"]
[EventDate "1991.06.??"]
[EventType "swiss"]
[EventRounds "10"]
[EventCountry "DEN"]
[SourceTitle "TD"]
[Source "ChessBase"]
[SourceDate "1994.03.01"]
[SourceVersion "1"]
[SourceVersionDate "1994.03.01"]
[SourceQuality "1"]

1. e4 e6 2. d4 d5 3. Nd2 c5 4. Ngf3 cxd4 5. exd5 Qxd5 6. Bc4 Qd6 7. 0-0 Nc6 8. Nb3 e5 9. Re1 Be7 10. h3 Bf5 11. Bb5 f6 12. Nh4 Be6 13. f4 0-0-0 14. Bxc6 bxc6 15. Nf3 Nh6 16. fxe5 fxe5 17. Nxe5 Rhf8 18. Qe2 Kb8 19. Qa6 Rc8 20. Na5 Rc7 21. Nexc6+ Ka8 22. Bxh6 gxh6 23. Qe2 Rf6 24. Nxe7 1-0